| 000 | 00967nam a22002537a 4500 | ||
|---|---|---|---|
| 005 | 20170124103004.0 | ||
| 010 | _aA-960167 | ||
| 020 | _c250.00 | ||
| 035 | _aA-960167 | ||
| 037 | _bCen Lib/Ret | ||
| 040 |
_aDPL _bHN |
||
| 082 |
_aउ _bगुनवं |
||
| 100 |
_aगुनवंतराय आचार्य _955692 |
||
| 245 |
_aसम्राट / _cगुनवंतराय आचार्य |
||
| 246 |
_aSamraat / _bby Gunvantraye Acharya |
||
| 260 |
_a दिल्ली _bअरुण प्रकाशन _c1998 |
||
| 270 |
_aई-54, मानसरोवर पार्क _bनई दिल्ली _e110032 |
||
| 300 |
_a125पृ. _c19सेमी(सजिल्द ) |
||
| 650 |
_aहिंदी साहित्य _x _z _955693 |
||
| 650 |
_aहिंदी उपन्यास _955694 |
||
| 650 |
_aHindi literature _v _955695 |
||
| 650 |
_aHindi fiction _927248 |
||
| 942 |
_2ddc _cHN _hउ _mगुनवं |
||
| 999 |
_c114178 _d114178 |
||